[Event "Olympiad-36"]
[Site "Mallorca"]
[Date "2004.10.22"]
[Round "7"]
[White "Nguyen, Anh Dung"]
[Black "Espinosa Flores, Rafael Emilio"]
[Result "0-1"]
[WhiteElo "2567"]
[BlackElo "2412"]
[PlyCount "54"]
[EventDate "2004.10.15"]
[EventType "team-swiss"]
[EventRounds "14"]
[EventCountry "ESP"]
[SourceTitle "CBM 104"]
[Source "ChessBase"]
[SourceDate "2005.01.27"]
[SourceVersion "1"]
[SourceVersionDate "2005.01.27"]
[SourceQuality "1"]
[WhiteTeam "Vietnam"]
[BlackTeam "Mexico"]
[WhiteTeamCountry "VIE"]
[BlackTeamCountry "MEX"]

1. e4 c5 2. Nf3 d6 3. d4 cxd4 4. Nxd4 Nf6 5. Nc3 g6 6. Be3 Bg7 7. f3 Nc6 8. Qd2 Bd7 9. 0-0-0 h5 10. Kb1 a6 11. Be2 b5 12. Nxc6 Bxc6 13. Nd5 Bxd5 14. exd5 Qd7 15. g3 0-0 16. h4 Rfe8 17. Bg5 Rac8 18. Bxf6 exf6 19. Rhg1 f5 20. Rde1 Re5 21. f4 Re4 22. Bf3 Rd4 23. Qa5 Ra4 24. Qd2 Qc7 25. c3 b4 26. cxb4 Qc4 27. a3 Rxa3 0-1

[Event "Olympiad-36"]
[Site "Mallorca"]
[Date "2004.10.20"]
[Round "6"]
[White "Espinosa Flores, Rafael Emilio"]
[Black "Hebden, Mark"]
[Result "0-1"]
[WhiteElo "2412"]
[BlackElo "2550"]
[PlyCount "68"]
[EventDate "2004.10.15"]
[EventType "team-swiss"]
[EventRounds "14"]
[EventCountry "ESP"]
[SourceTitle "CBM 104"]
[Source "ChessBase"]
[SourceDate "2005.01.27"]
[SourceVersion "1"]
[SourceVersionDate "2005.01.27"]
[SourceQuality "1"]
[WhiteTeam "Mexico"]
[BlackTeam "England"]
[WhiteTeamCountry "MEX"]
[BlackTeamCountry "ENG"]

1. e4 e5 2. Nf3 Nc6 3. Bb5 a6 4. Bxc6 dxc6 5. 0-0 Bd6 6. d4 exd4 7. Qxd4 f6 8. b3 Qe7 9. Nbd2 Bd7 10. Nc4 Bc5 11. Qc3 0-0-0 12. Be3 Bb4 13. Qd4 c5 14. Qb2 Bb5 15. a3 Bxc4 16. bxc4 Ba5 17. Rab1 Qxe4 18. Bxc5 Nh6 19. Qb3 Nf5 20. Rfd1 g5 21. Rd5 b6 22. Bb4 Bxb4 23. axb4 Rxd5 24. cxd5 g4 25. Nd2 Qd4 26. Nf1 h5 27. c3 Qe4 28. Rd1 h4 29. Qb1 Qxb1 30. Rxb1 Re8 31. Rd1 Re2 32. Nd2 g3 33. hxg3 hxg3 34. fxg3 Ne3 0-1

[Event "Olympiad-36"]
[Site "Mallorca"]
[Date "2004.10.16"]
[Round "2"]
[White "Mastrovasilis, Dimitrios"]
[Black "Espinosa Flores, Rafael Emilio"]
[Result "1-0"]
[WhiteElo "2574"]
[BlackElo "2412"]
[PlyCount "73"]
[EventDate "2004.10.15"]
[EventType "team-swiss"]
[EventRounds "14"]
[EventCountry "ESP"]
[SourceTitle "CBM 104"]
[Source "ChessBase"]
[SourceDate "2005.01.27"]
[SourceVersion "1"]
[SourceVersionDate "2005.01.27"]
[SourceQuality "1"]
[WhiteTeam "Greece"]
[BlackTeam "Mexico"]
[WhiteTeamCountry "GRE"]
[BlackTeamCountry "MEX"]

1. e4 c5 2. Nf3 Nc6 3. Nc3 Nf6 4. d4 cxd4 5. Nxd4 e5 6. Ndb5 d6 7. Bg5 a6 8. Na3 b5 9. Bxf6 gxf6 10. Nd5 f5 11. Bxb5 axb5 12. Nxb5 Qa5+ 13. c3 Qa4 14. Nbc7+ Kd8 15. Nxa8 Qxe4+ 16. Ne3 f4 17. Qd5 f5 18. Qxe4 fxe4 19. Nd5 Bb7 20. Nab6 Rg8 21. 0-0 Ne7 22. Rad1 Nf5 23. g3 Nh4 24. Nc4 Nf3+ 25. Kg2 Rg6 26. Rh1 Nd4 27. Ncb6 Nf5 28. Rhe1 e3 29. fxe3 fxg3 30. e4 Nh4+ 31. Kh3 Nf3 32. hxg3 Nxe1 33. Rxe1 Bc6 34. Rf1 Bg7 35. Rf7 Ke8 36. Rc7 Bxd5 37. Nxd5 1-0